TV Shows with 10 or More Seasons Quiz Stats

Quiz Updated Apr 11, 2016

Score 0/20 Timer 08:00
3 Plays Today
% Correct
Friends
99.3%
South Park
98.4%
The Simpsons
97.6%
Baywatch
94.7%
Two and a Half Men
94.2%
Lassie
89.4%
M*A*S*H
85.4%
ER
84.4%
Cheers
84.3%
King of the Hill
80%
% Correct
Doctor Who
77.8%
CSI: Crime Scene Investigation
75.2%
Dallas
73.2%
Happy Days
69.6%
Murder, She Wrote
67.9%
Beverly Hills, 90210
65.9%
Smallville
58.2%
Married... with Children
56.7%
Bonanza
49.7%
Law & Order: Special Victims Unit
43.9%

You're not logged in!

Compare scores with friends on all Sporcle quizzes.
Join for Free
OR
Log In

You Might Also Like...

Show Comments

Extras

Top Quizzes Today


Score Distribution

Your Account Isn't Verified!

In order to create a playlist on Sporcle, you need to verify the email address you used during registration. Go to your Sporcle Settings to finish the process.

Report this User

Report this user for behavior that violates our Community Guidelines.

Details: